000 00535nam a2200193Ia 4500
003 LDD
008 181029s9999 xx 000 0 und d
020 _a9780099578512
_c399.00
040 _cLDD
100 _aRushdie, Salman
245 0 _aMidnight's children
_cSalman Rushdie
260 _aLondon
_bVintage Books
_c2006
300 _aix, 647p.
365 _b399.00
901 _a8183
_b03-01-2012
902 _a10591
_b12-01-2012
_cF
_dUPPAL
_e0
903 _aDiscount-15
_bReqst by : V. K. Jagajeevan
942 _2ddc
_cBK
999 _c100414
_d100414